2026 FIFA World Cup Champions - Statistics

General Stats
  • This quiz has been taken 120 times
    119 since last reset
  • The average score is 3 of 25
Answer Stats
Question Tile Select % Correct
The country you think can win the 2026 FIFA World Cup. France Yes
38%
The country you think can win the 2026 FIFA World Cup. England Yes
31%
The country you think can win the 2026 FIFA World Cup. Spain Yes
31%
The country you think can win the 2026 FIFA World Cup. Argentina Yes
26%
The country you think can win the 2026 FIFA World Cup. Brazil Yes
26%
The country you think can win the 2026 FIFA World Cup. Germany Yes
22%
The country you think can win the 2026 FIFA World Cup. Portugal Yes
20%
The country you think can win the 2026 FIFA World Cup. Netherlands Yes
13%
The country you think can win the 2026 FIFA World Cup. Belgium Yes
11%
The country you think can win the 2026 FIFA World Cup. Italy Yes
11%
The country you think can win the 2026 FIFA World Cup. United States Yes
9%
The country you think can win the 2026 FIFA World Cup. Uruguay Yes
8%
The country you think can win the 2026 FIFA World Cup. Denmark Yes
7%
The country you think can win the 2026 FIFA World Cup. Japan Yes
7%
The country you think can win the 2026 FIFA World Cup. Mexico Yes
7%
The country you think can win the 2026 FIFA World Cup. Poland Yes
7%
The country you think can win the 2026 FIFA World Cup. Switzerland Yes
7%
The country you think can win the 2026 FIFA World Cup. Canada Yes
6%
The country you think can win the 2026 FIFA World Cup. Croatia Yes
6%
The country you think can win the 2026 FIFA World Cup. Morocco Yes
6%
The country you think can win the 2026 FIFA World Cup. Norway Yes
6%
The country you think can win the 2026 FIFA World Cup. Senegal Yes
5%
The country you think can win the 2026 FIFA World Cup. Australia Yes
4%
The country you think can win the 2026 FIFA World Cup. Colombia Yes
4%
The country you think can win the 2026 FIFA World Cup. South Korea Yes
4%
No matching quizzes found
Score Distribution
Percent of People with Each Score
Percentile by Number Answered
Your Score History
You have not taken this quiz since the last reset